=LDR 00000nam 2200000 4500 =001 NUTBA000000000001773 =005 20240514104027 =035 ##$$a 0010-051400000000238 =008 240514###########################0###### =020 ##$$a 978-602-955-402-1 =082 ##$$a 371.4 =100 ##$$a Suyadi =245 1#$$a Buku pegangan bimbingan konseling untuk PAUD /$c Suyadi =250 ##$$a cet.2 =260 ##$$a Jogjakarta :$b Diva Press,$c 2010 =300 ##$$a 346 hlm ; $c 21 cm =084 ##$$a 371.4 SUY b =990 ##$$a 21400317/BPAP-NTB/2014 =990 ##$$a 0001/BPAP-NTB/20142014 =990 ##$$a 0201/BPAP-NTB/2015